LDR 00882naa#a2200169#i#450# 001 RU\RIOR\bibl\126139 005 20260629095308.1 011 ## _a2409-6024 100 ## _a20260530b2026####ek#y0rusy0150####ca 102 ## _aRU 200 1# _aИНСТРУМЕНТЫ СОГЛАСОВАНИЯ ОТРАСЛЕВЫХ И ТЕРРИТОРИАЛЬНЫХ ИНТЕРЕСОВ В СИСТЕМЕ ГОСУДАРСТВЕННОГО И МУНИЦИПАЛЬНОГО УПРАВЛЕНИЯ _eЖурнальная статья 210 1# _aМосква _cООО "Издательский Центр РИОР" _d2026 215 ## _a19 с. 608 ## _aЖурнальная статья _2local 675 ## _aНизшая ступень органов управления. Местное управление. Общинное управление. 352 _z 700 #1 _aДмитриева _gЕлена Олеговна 856 4# _arusjm.ru _u